Normal view
MARC view
- Liddle, Andrew R
Entry Personal Name
001 - CONTROL NUMBER
- control field: 111185
003 - CONTROL NUMBER IDENTIFIER
- control field: NUST
005 - DATE AND TIME OF LATEST TRANSACTION
- control field: 20230322171146.0
008 - FIXED-LENGTH DATA ELEMENTS
- fixed length control field: 230322|| aca||aabn | a|a d
040 ## - CATALOGING SOURCE
- Original cataloging agency: NUST
- Transcribing agency: NUST
100 ## - HEADING--PERSONAL NAME
- Personal name: Liddle, Andrew R
670 ## - SOURCE DATA FOUND
- Source citation: Work cat.: (NUST)0: Liddle, Andrew R., An introduction to modern cosmology /
